| 000 | 01512nam a22001817a 4500 | ||
|---|---|---|---|
| 008 | 160519b xxu||||| |||| 00| 0 spa d | ||
| 082 | 1 | 4 |
_214 _a303.6 |
| 100 | 1 |
_aAlberdi, Juan Bautista _c1810-1884 _91412 |
|
| 245 | 1 | 3 |
_aLa revolución del 80 / _cJuan Bautista, Alberdi |
| 250 | _a2a.ed. | ||
| 260 |
_aBuenos Aires : _bPlus Ultra, _c1964. |
||
| 300 | _a236 p. | ||
| 440 |
_93606 _aPolitica e Historia |
||
| 520 | _aTras un lapso de silencio de mas de medio siglo, y después de Bases y el Proyecto de Constitución para la República Argentina que sanciono el país y el Congreso Constituyente de Santa Fe, apareció esta obra con el titulo original de "La República Argentina consolidada en 1880 con la Ciudad de Buenos Aires por Capital", que hoy ofrecemos con el titulo de "La Revolución del 80", en su segunda edición. Leer una obra de Alberdi es conocer el medio ambiente es conocer el medio ambiente político-social y económico de una interesante hora patria, y esa hora corresponde en este libro al año 1880 con la revolución que pone fin a un drama que había durado setenta años en suelo argentino. "La Revolución del 80", que hoy nos complacemos en presentar, puede considerarse como el complemento de Bases. Así como se completan los cambios de 1852 y 1880, de igual manera se complementan estos dos libros, por lo que estamos seguros de la atención y el interés que ha de suscitar en los lectores. | ||
| 650 | 0 |
_9533 _aREVOLUCION |
|
| 942 |
_2ddc _cLIBRO |
||
| 980 |
_81943 _gVALERIA BEATRIZ DOMÍNGUEZ |
||
| 999 |
_c3078 _d3078 |
||